Inovácie vo vybranom podniku bakalárska práca

Gespeichert in:
Bibliographische Detailangaben
1. Verfasser: Simonics, Dávid
Körperschaft: Obchodná fakulta EU. Katedra marketingu
Weitere Verfasser: Ševčíková, Renáta, 1982-
Format: Buch
Sprache:Slowakisch
Veröffentlicht: Bratislava 2023
Tags: Tag hinzufügen
Keine Tags, Fügen Sie das erste Tag hinzu!

MARC

LEADER 00000nbm a2200000 4500
001 0294787
005 20231211140754.4
041 0 |a slo 
044 |a SK 
245 1 0 |a Inovácie vo vybranom podniku  |b bakalárska práca  |c Dávid Simonics ; školiteľ: Renáta Ševčíková 
264 1 |a Bratislava  |c 2023 
300 |a 47 s. 
100 1 |a Simonics, Dávid 
700 1 |a Ševčíková, Renáta, 1982- 
710 2 |a Obchodná fakulta EU. Katedra marketingu